Исследование упруго-пластической деформации на основе модели смеси упругой и пластической субструктур: диссертация на соискание ученой степени кандидата технических наук

Podrobná bibliografie
Hlavní autor: Ситникова Н. В.
Korporativní autor: Томский политехнический институт
Další autoři: Дощинский Г. А. (научный руководитель)
Jazyk:ruština
Vydáno: Томск, [Б. и.], 1974
Témata:
Médium: Kniha
KOHA link:https://koha.lib.tpu.ru/cgi-bin/koha/opac-detail.pl?biblionumber=88567

MARC

LEADER 00000nbm0a2200000 4500
001 88567
005 20231031102700.0
035 |a (RuTPU)RU\TPU\book\95051 
090 |a 88567 
100 |a 20051227d1974 k y0rusy50 ca 
101 0 |a rus 
102 |a RU 
105 |a a m 001zy 
200 1 |a Исследование упруго-пластической деформации на основе модели смеси упругой и пластической субструктур  |e диссертация на соискание ученой степени кандидата технических наук  |f Н. В. Ситникова  |g Томский политехнический институт; науч. рук. Г. А. Дощинский 
210 |a Томск  |c [Б. и.]  |d 1974 
215 |a 128 л.  |c ил. 
320 |a Библиогр.: с. 116-125 (105 назв.) 
610 1 |a диссертации 
610 1 |a упруго-пластические деформации 
610 1 |a смеси 
610 1 |a пластические субструктуры 
610 1 |a упругие субструктуры 
610 1 |a пластичность 
610 1 |a аппроксимация 
610 1 |a диаграммы растяжения 
610 1 |a эффект Баушингера 
610 1 |a напряженно-деформированное состояние 
610 1 |a упругость 
610 1 |a конструкционные материалы 
610 1 |a квазиоднородная смесь 
610 1 |a вещество 
610 1 |a строение 
675 |a 539.37(048)  |v 3 
700 1 |a Ситникова  |b Н. В. 
702 1 |a Дощинский  |b Г. А.  |4 727 
712 0 2 |a Томский политехнический институт  |2 stltpush  |3 (RuTPU)RU\TPU\col\1123 
801 1 |a RU  |b 63413507  |c 20051227  |g PSBO 
801 2 |a RU  |b 63413507  |c 20150922  |g PSBO 
942 |c BK